00801nam a22001935i 4500001000700000003000900007005001700016008004100033040002000074100004300094245005700137260004400194300003400238490004900272830005700321852008400378999001900462952012600481158335ES-MaACL20230906211111.0040830s1876 gw |||| | eng d aCAM bspa cCAM1 aMacDonald, George (d1824-1905)97511010aSt. George and St. Michael / cby George Mac Donald. aLeipzig : bBernhard Tauchnitz, c1876. a2 v. (311; 294 p.) ; c16 cm.1 aCollection of british authors ; v1551; 15520 aCollection of british authors ; v1551; 15529180703 aES-MaACLjG-12651 z-- Enc. hol. conservando la cub. original z-- 2 t. en 1 v. c158335d158335 001040708LIBXIXaATENEOMbATENEOMcSPP3d2008-01-17eSSCl0oG-12651p1165715r2023-02-23 00:00:00w2023-02-23yMONANT